| 000 | 00506nam a2200169 i 4500 | ||
|---|---|---|---|
| 001 | 35663 | ||
| 003 | ES-MaACL | ||
| 005 | 20230906155159.0 | ||
| 007 | t| | ||
| 008 | 030213s1907 fr ||||1| fre d | ||
| 100 | 1 |
_aBoxler, Abbe A. _931164 |
|
| 245 | 1 | 0 |
_aPrecis des institutions publiques de la Grece et de Rome anciennes / _cAbbe A. Boxler. |
| 250 | _a2eme ed. rev. et corr. | ||
| 260 |
_aParĂs : _b[s.n., _c1907] ( _fFirmin Didot) |
||
| 300 |
_aXXVIII, 422 p. ; _c19 cm. |
||
| 852 |
_aES-MaACL _jF-10047 |
||
| 999 |
_c35663 _d35663 |
||